Oltrele Gabbie Dei Genitori Il minifesto pangender

Saved in:
Bibliografiske detaljer
Hovedforfatter: Mirella Izzo
Format: Bog
Sprog:ukendt sprog
Udgivet: Iricci Edizione Gruppo Abele
Tags: Tilføj Tag
Ingen Tags, Vær først til at tagge denne postø!

MARC

LEADER 00000nam a2200000Ia 4500
001 R-1632
003 CODICE-MESSINA
005 20260212102510.0
008 260211s9999 xx 000 0 und d
040 |c importazione_messina 
100 |a Mirella Izzo 
245 0 |a Oltrele Gabbie Dei Genitori 
245 0 |b Il minifesto pangender 
260 |b Iricci Edizione Gruppo Abele 
942 |2 ddc  |c BK 
952 |0 0  |1 0  |2 ddc  |4 0  |6 SCAFFALE_15_000000000000000__LGBT_S_R  |7 0  |9 32472  |a ME  |b ME  |d 2026-02-11  |l 0  |o SCAFFALE 15 - LGBT S.R.  |p R-1632  |r 2026-02-11 23:53:12  |w 2026-02-11  |x [REVISIONARE]  |y BK 
999 |c 28139  |d 28139